00385nam a22001337a 450000500170000000800410001704100130005808200130007110000130008424500410009726000620013830000250020065000260022520240607135659.0240607b |||||||| |||| 00| 0 eng d aEnglish  a349 LAW  lEnglish  aThe All England Law Reports: Reprint aLondon: bButterworth and Company Publishers Ltd, c1959  b724 pages; c25 cm.  aLegal practice bLaw